书目信息 |
| 题名: |
为了六十一个阶级弟兄
|
|
| 作者: | ;中央戏剧学院实验话剧院 创作 | |
| 分册: | ||
| 出版信息: | 北京 中国戏剧出版社 1960 |
|
| 页数: | 75页 | |
| 开本: | 19cm | |
| 丛书名: | ||
| 单 册: | ||
| 中图分类: | I234.7 | |
| 科图分类: | ||
| 主题词: | 话剧剧本--中国 | |
| 电子资源: | ||
| ISBN: | 10069.494 | |
| 000 | 00734cam0 2200229 450 | |
| 001 | 0105469579 | |
| 005 | 20070524111543.0 | |
| 010 | @a10069.494@dCNY0.25 | |
| 091 | @a10069.494@dCNY0.25 | |
| 100 | @a19970106d1960 em y0chiy0110 ea | |
| 101 | 0 | @achi |
| 102 | @aCN@b110000 | |
| 105 | @ay z 000by | |
| 106 | @ar | |
| 200 | 1 | @a为了六十一个阶级弟兄@9Wei Liao;Le Liu;Lu Shi Yi Ge Jie Ji Di Xiong @e八场话剧@f中央戏剧学院实验话剧院集体创作@b专著 |
| 210 | @a北京@c中国戏剧出版社@d1960 | |
| 215 | @a75页@d19cm | |
| 606 | 0 | @a话剧剧本@y中国 |
| 690 | @aI234.7@v3 | |
| 711 | 02 | @a中央戏剧学院实验话剧院@9zhong yang xi ju xue yuan shi yan hua ju yuan@4创作 |
| 801 | 0 | @aCN@b上海图书馆@c19970403 |
| 905 | @aBZT@dI234.7@e18@f1@sI234.7/18 | |
| 为了六十一个阶级弟兄:八场话剧/中央戏剧学院实验话剧院集体创作.-北京:中国戏剧出版社,1960 |
| 75页;19cm |
| ISBN 10069.494:CNY0.25 |
| ● |
| 相关链接 |
|
|
|
正题名:为了六十一个阶级弟兄
索取号:I234.7/18
 
预约/预借
| 序号 | 登录号 | 条形码 | 馆藏地/架位号 | 状态 | 备注 |
| 1 | 2000088248 | 2000088248 | 旧书回溯/ [索取号:I234.7/18] | 在馆 |